| 000 | 00925cam a22002531 4500 | ||
|---|---|---|---|
| 001 | sd 47000001 | ||
| 003 | DLC | ||
| 005 | 20260227112735.0 | ||
| 008 | 950208s1946 nyu b 000 0 eng c | ||
| 010 | _asd 47000001 | ||
| 035 | _a(OCoLC)31953005 | ||
| 040 |
_aU.S. Dept. of state. Libr. _cIEN _dDLC |
||
| 042 | _apremarc | ||
| 050 | 0 | 0 |
_aD410 _b.F65 vol. 22, no. 19 |
| 100 | 1 |
_aHutcheson, Harold, _d1912- |
|
| 245 | 1 | 0 |
_aImpact of U.S. economy on world trade, _cby Harold H. Hutcheson. |
| 260 |
_aNew York, N.Y., _bForeign Policy Association, Incorporated _c[1946] |
||
| 300 |
_a1 p. l., 231-239, [1] p. _c27 cm. |
||
| 490 | 0 |
_aForeign policy reports, _vvol. XXII, no. 19. December 15, 1946 |
|
| 500 | _a"The trend of imports, by Harold H. Hutcheson and O.K.D. Ringwood": p. [240] | ||
| 504 | _aBibliographical foot-notes. | ||
| 651 | 0 |
_aUnited States _xEconomic conditions _y1918-1945. |
|
| 650 | 0 |
_aCommerce _xHistory. |
|
| 999 |
_c89973 _d89973 |
||